[Event "Stuttgart-chB int"]
[Site "Ditzingen"]
[Date "2016.05.06"]
[Round "4"]
[White "Fais, Sami"]
[Black "Domingos, Antonio"]
[Result "1-0"]
[WhiteElo "1827"]
[BlackElo "1659"]
[PlyCount "105"]
[EventDate "2016.05.05"]
[EventType "swiss"]
[EventRounds "7"]
[EventCountry "GER"]
[SourceTitle "EXT 2018"]
[Source "ChessBase"]
[SourceDate "2017.10.13"]
[SourceVersion "1"]
[SourceVersionDate "2017.10.13"]
[SourceQuality "1"]

1. Nf3 d5 2. d4 Nf6 3. c4 c6 4. Nc3 Bg4 5. Bf4 a6 6. e3 e6 7. Qb3 b6 8. Bxb8 Bxf3 9. Be5 Bh5 10. Bxf6 gxf6 11. cxd5 cxd5 12. Rc1 b5 13. Nxb5 axb5 14. Bxb5+ Ke7 15. Qb4+ Qd6 16. Rc7+ Kd8 17. Qxd6+ Bxd6 18. Rd7+ Kc8 19. Rxd6 Rxa2 20. 0-0 Rxb2 21. Rc1+ Kb7 22. Ba6+ Kb8 23. h3 f5 24. Rd7 Rb6 25. Ra1 Rg8 26. Bd3 Rb7 27. Rd6 Kc7 28. Raa6 Kb8 29. Rdc6 Rb3 30. Rab6+ Rxb6 31. Rxb6+ Kc7 32. Rb5 Ra8 33. Rb2 Ra3 34. Be2 Bg6 35. Rc2+ Kb6 36. h4 h5 37. Kh2 Rb3 38. Rc8 Ra3 39. Kg3 f6 40. Rf8 f4+ 41. Kxf4 Ra2 42. Rxf6 Bf5 43. Bxh5 Rxf2+ 44. Bf3 Kc6 45. Rxf5 exf5 46. Kxf5 Kd6 47. Kg6 Ke7 48. Kg7 Ra2 49. Bxd5 Ra5 50. Bf3 Ra7 51. h5 Ke6+ 52. Kg6 Rc7 53. h6 1-0

[Event "Stuttgart-chB op"]
[Site "Ditzingen"]
[Date "2015.05.15"]
[Round "4"]
[White "Ellinger, Harald"]
[Black "Domingos, Antonio"]
[Result "1-0"]
[WhiteElo "1854"]
[BlackElo "1690"]
[PlyCount "113"]
[EventDate "2015.05.17"]
[EventType "swiss"]
[EventRounds "7"]
[EventCountry "GER"]
[SourceTitle "EXT 2018"]
[Source "ChessBase"]
[SourceDate "2017.10.13"]
[SourceVersion "1"]
[SourceVersionDate "2017.10.13"]
[SourceQuality "1"]

1. Nf3 d5 2. d4 Nf6 3. c4 c6 4. e3 Bg4 5. cxd5 cxd5 6. Be2 e6 7. 0-0 Bd6 8. h3 Bh5 9. Nc3 a6 10. Bd2 Nc6 11. Ne1 Bg6 12. f4 Rc8 13. Bd3 Bxd3 14. Nxd3 Nb4 15. Nxb4 0-0 16. Nd3 b5 17. a3 Qb6 18. Ne5 b4 19. axb4 Bxb4 20. Qe2 a5 21. Na4 Qb7 22. Bxb4 Qxb4 23. Nd3 Qb3 24. Nac5 Qb5 25. Qd2 Ra8 26. Ra3 Ra7 27. Rfa1 Rfa8 28. Ra4 Ne8 29. b4 Nd6 30. Rxa5 Rxa5 31. Rxa5 Rxa5 32. bxa5 Nc4 33. Qb4 Qxb4 34. Nxb4 Nxa5 35. Kf2 Nc4 36. Nc6 Nd6 37. Kf3 Nc4 38. Nd7 Nd2+ 39. Ke2 Ne4 40. Ne7+ Kh8 41. Ne5 Nd6 42. N7c6 Kg8 43. Nd7 Nf5 44. g4 Nd6 45. Ne7+ Kh8 46. f5 Ne8 47. fxe6 fxe6 48. Nc5 Nc7 49. Nc6 Kg8 50. Nd8 e5 51. dxe5 g6 52. Kd3 Kg7 53. Nde6+ Nxe6 54. Nxe6+ Kf7 55. Nc7 Ke7 56. Kd4 Kd7 57. Nxd5 1-0

[Event "Stuttgart-chB int"]
[Site "Ditzingen"]
[Date "2014.05.29"]
[Round "3"]
[White "Schranz, Patrick"]
[Black "Domingos, Antonio"]
[Result "0-1"]
[WhiteElo "1512"]
[BlackElo "1690"]
[PlyCount "76"]
[EventDate "2014.05.29"]
[EventType "swiss"]
[EventRounds "7"]
[EventCountry "GER"]
[SourceTitle "EXT 2015"]
[Source "ChessBase"]
[SourceDate "2014.11.20"]
[SourceVersion "1"]
[SourceVersionDate "2014.11.20"]
[SourceQuality "1"]

1. d4 e6 2. e4 d5 3. Nc3 Nf6 4. e5 Nfd7 5. Nf3 c5 6. b3 a6 7. Ba3 Qa5 8. Bb2 Nc6 9. dxc5 Ndxe5 10. Nxe5 Nxe5 11. Qd4 Nc6 12. Qd2 Bxc5 13. 0-0-0 Bb4 14. Qd3 0-0 15. g4 Ba3 16. Qh3 b5 17. Bd3 f5 18. gxf5 d4 19. fxe6 Bxb2+ 20. Kxb2 Qxc3+ 21. Kb1 g6 22. Rhg1 Ne5 23. Qg3 Nxd3 24. Rxd3 Qc5 25. Qh4 Bxe6 26. Rxd4 Bf5 27. Rd2 Rac8 28. Rc1 a5 29. Qd4 Qxd4 30. Rxd4 Rc5 31. Kb2 Rfc8 32. c3 Re5 33. Rd2 Rce8 34. Ka3 Re2 35. Rd5 Rb8 36. Rcd1 b4+ 37. cxb4 axb4+ 38. Ka4 Rxa2# 0-1

[Event "Stuttgart-chB int"]
[Site "Ditzingen"]
[Date "2010.05.15"]
[Round "5"]
[White "Marx, Alexander"]
[Black "Domingos, Antonio"]
[Result "1-0"]
[WhiteElo "1570"]
[BlackElo "1715"]
[PlyCount "117"]
[EventDate "2010.05.13"]
[EventType "swiss"]
[EventRounds "7"]
[EventCountry "GER"]
[SourceTitle "EXT 2018"]
[Source "ChessBase"]
[SourceDate "2017.10.13"]
[SourceVersion "1"]
[SourceVersionDate "2017.10.13"]
[SourceQuality "1"]

1. d4 e6 2. e4 d5 3. Nc3 Nf6 4. e5 Nfd7 5. Qg4 c5 6. Nf3 a6 7. Qg3 Nc6 8. dxc5 Nxc5 9. a3 b5 10. b4 Nd7 11. Bb2 Qc7 12. 0-0-0 Nb6 13. Rd2 Bd7 14. Bd3 Rb8 15. Re2 Nc4 16. Nxd5 Qb7 17. Nc3 a5 18. Bxc4 bxc4 19. b5 a4 20. Kd2 Na7 21. Nd4 Nxb5 22. Ndxb5 Bxb5 23. Rb1 Bc6 24. Re3 g6 25. Qf4 Rd8+ 26. Ke1 Bxg2 27. Qxc4 Qd7 28. Qxa4 Bc6 29. Qb3 Qc7 30. Nb5 Qa5+ 31. Bc3 Qxb5 32. Qxb5 Bxb5 33. Rxb5 Ra8 34. Bb4 Bxb4+ 35. axb4 0-0 36. Ra5 Rac8 37. c3 Rfd8 38. Ke2 Rc4 39. Rd3 Rdc8 40. Kd2 Rf4 41. Ke2 Re4+ 42. Kf3 Rec4 43. Ra3 h5 44. Rb3 h4 45. b5 g5 46. b6 g4+ 47. Kg2 Ra4 48. Rd7 Kg7 49. b7 Rb8 50. Rc7 Ra7 51. c4 Kg6 52. c5 Rd8 53. c6 h3+ 54. Kg3 Ra1 55. Rc8 Kg5 56. f4+ gxf3 57. Rxf3 Rd4 58. Rg8+ Kh6 59. b8Q 1-0

[Event "Stuttgart-chB int"]
[Site "Ditzingen"]
[Date "2009.05.23"]
[Round "6"]
[White "Domingos, Antonio"]
[Black "Strauss, Martin"]
[Result "0-1"]
[WhiteElo "1504"]
[BlackElo "1660"]
[PlyCount "113"]
[EventDate "2009.05.21"]
[EventType "swiss"]
[EventRounds "7"]
[EventCountry "GER"]
[SourceTitle "EXT 2018"]
[Source "ChessBase"]
[SourceDate "2017.10.13"]
[SourceVersion "1"]
[SourceVersionDate "2017.10.13"]
[SourceQuality "1"]

1. e4 e5 2. Nf3 Nc6 3. Bb5 Nf6 4. 0-0 Nxe4 5. Re1 Nd6 6. Nxe5 Nxe5 7. Rxe5+ Be7 8. Ba4 0-0 9. d3 Bf6 10. Re1 Re8 11. c3 b5 12. Bc2 Bb7 13. Bf4 Rxe1+ 14. Qxe1 Qe8 15. Nd2 Qe6 16. Qxe6 dxe6 17. Ne4 Nxe4 18. dxe4 e5 19. Be3 Bc6 20. Rd1 a6 21. f3 Kf8 22. Kf2 Ke8 23. Bc5 a5 24. a3 Be7 25. Bxe7 Kxe7 26. Ke3 b4 27. axb4 axb4 28. cxb4 Rb8 29. b5 Bxb5 30. Rd5 f6 31. Rc5 c6 32. b3 Kd6 33. Rc3 Ra8 34. Bd3 Ra2 35. Bc2 Ra1 36. Kf2 Rc1 37. h3 Kc7 38. Kg3 Kb6 39. b4 Ba4 40. Rd3 Rxc2 41. Rd7 Rc4 42. Rxg7 Rxb4 43. Rxh7 c5 44. Rh6 c4 45. Rxf6+ Bc6 46. Rd6 c3 47. Rd1 c2 48. Rc1 Ba4 49. h4 Rd4 50. h5 Rd1 51. Rxc2 Bxc2 52. Kg4 Rg1 53. g3 Bd1 54. h6 Rh1 55. Kg5 Bxf3 56. Kg6 Bxe4+ 57. Kg7 0-1

[Event "Stuttgart-chB int"]
[Site "Ditzingen"]
[Date "2009.05.21"]
[Round "2"]
[White "Domingos, Antonio"]
[Black "Zimmermann, Tobias"]
[Result "0-1"]
[WhiteElo "1504"]
[BlackElo "1729"]
[PlyCount "76"]
[EventDate "2009.05.21"]
[EventType "swiss"]
[EventRounds "7"]
[EventCountry "GER"]
[SourceTitle "EXT 2018"]
[Source "ChessBase"]
[SourceDate "2017.10.13"]
[SourceVersion "1"]
[SourceVersionDate "2017.10.13"]
[SourceQuality "1"]

1. e4 c5 2. Nf3 d6 3. d4 cxd4 4. Nxd4 Nf6 5. Nc3 a6 6. Be3 e6 7. f3 Qc7 8. Qd2 Nbd7 9. 0-0-0 b5 10. b4 Bb7 11. g4 Rc8 12. Kb2 Nb6 13. a3 Qxc3+ 14. Qxc3 Na4+ 15. Kc1 Rxc3 16. Rd3 Rxd3 17. Bxd3 Nd7 18. Kd2 Nab6 19. Rc1 Be7 20. Bf2 0-0 21. h4 Rc8 22. g5 Ne5 23. Ra1 Nbc4+ 24. Bxc4 Nxc4+ 25. Kd3 d5 26. f4 dxe4+ 27. Ke2 g6 28. h5 Bd6 29. Bg3 e5 30. fxe5 Bxe5 31. Bxe5 Nxe5 32. Ke3 Nf3 33. Nxf3 exf3 34. Rc1 gxh5 35. Kd2 Be4 36. Ke3 Rxc2 37. Rxc2 Bxc2 38. Kxf3 Kg7 0-1

[Event "Stuttgart-chB int"]
[Site "Ditzingen"]
[Date "2009.05.21"]
[Round "3"]
[White "Kreutz, Daniel"]
[Black "Domingos, Antonio"]
[Result "0-1"]
[WhiteElo "1663"]
[BlackElo "1504"]
[PlyCount "40"]
[EventDate "2009.05.21"]
[EventType "swiss"]
[EventRounds "7"]
[EventCountry "GER"]
[SourceTitle "EXT 2018"]
[Source "ChessBase"]
[SourceDate "2017.10.13"]
[SourceVersion "1"]
[SourceVersionDate "2017.10.13"]
[SourceQuality "1"]

1. e4 e6 2. d4 d5 3. exd5 exd5 4. c4 Nf6 5. Nc3 c6 6. Nf3 Bd6 7. Be2 0-0 8. 0-0 dxc4 9. Bxc4 Bg4 10. Qd3 Nbd7 11. Ng5 h6 12. Nge4 Bf5 13. f3 b5 14. Bb3 Kh8 15. Kh1 b4 16. Na4 Qe7 17. Qc4 Nxe4 18. fxe4 Bxe4 19. Rxf7 Rxf7 20. Qxf7 Qh4 0-1

[Event "Stuttgart-chB int"]
[Site "Ditzingen"]
[Date "2008.05.03"]
[Round "6"]
[White "Novak, Josua"]
[Black "Domingos, Antonio"]
[Result "0-1"]
[WhiteElo "1653"]
[BlackElo "1410"]
[PlyCount "70"]
[EventDate "2008.05.01"]
[EventType "swiss"]
[EventRounds "7"]
[EventCountry "GER"]
[SourceTitle "EXT 2018"]
[Source "ChessBase"]
[SourceDate "2017.10.13"]
[SourceVersion "1"]
[SourceVersionDate "2017.10.13"]
[SourceQuality "1"]

1. e4 e6 2. d4 d5 3. Nc3 Bb4 4. e5 c5 5. a3 Bxc3+ 6. bxc3 Nc6 7. Nf3 Nge7 8. Bd3 Qb6 9. 0-0 Bd7 10. Be3 cxd4 11. cxd4 Rc8 12. c4 Qc7 13. c5 b6 14. Rc1 Qb8 15. Ng5 h6 16. Qh5 g6 17. Qh3 bxc5 18. Rxc5 Qb3 19. Bb5 Qxa3 20. Rfc1 a6 21. R5c3 Qb4 22. Bxa6 Ra8 23. Bd3 Nxd4 24. Bxd4 Qxd4 25. Rc7 Ra2 26. Rxd7 Qxf2+ 27. Kh1 Kxd7 28. Bb5+ Kd8 29. Nf3 Qb6 30. Bf1 Kd7 31. Ne1 Nf5 32. Qc3 Rb8 33. Nd3 Ke7 34. h3 Ng3+ 35. Kh2 Nxf1+ 0-1

[Event "Stuttgart-chB int"]
[Site "Ditzingen"]
[Date "2008.05.01"]
[Round "3"]
[White "Romer, Reinhard"]
[Black "Domingos, Antonio"]
[Result "0-1"]
[WhiteElo "1516"]
[BlackElo "1410"]
[PlyCount "57"]
[EventDate "2008.05.01"]
[EventType "swiss"]
[EventRounds "7"]
[EventCountry "GER"]
[SourceTitle "EXT 2018"]
[Source "ChessBase"]
[SourceDate "2017.10.13"]
[SourceVersion "1"]
[SourceVersionDate "2017.10.13"]
[SourceQuality "1"]

1. Nf3 d5 2. g3 c5 3. c3 Nf6 4. Bg2 Nc6 5. d4 Bf5 6. 0-0 e6 7. Bg5 cxd4 8. Nxd4 Bg6 9. Nd2 Be7 10. Bxf6 Bxf6 11. Qa4 Qb6 12. N2b3 0-0 13. Nxc6 bxc6 14. e4 Rfd8 15. exd5 cxd5 16. Rad1 Rac8 17. Qa5 Qb8 18. h4 h6 19. Rd2 Be5 20. Nd4 Bxd4 21. cxd4 Rd6 22. b3 Qb7 23. Rb2 Rdc6 24. Qd2 Rc2 25. Rxc2 Rxc2 26. Qa5 a6 27. Ra1 Qa7 28. Bf1 Qxd4 29. Qxa6 0-1

[Event "Stuttgart-chB int"]
[Site "Gerlingen"]
[Date "2007.05.20"]
[Round "7"]
[White "Ruff, Robert"]
[Black "Domingos, Antonio"]
[Result "0-1"]
[WhiteElo "1587"]
[BlackElo "1328"]
[PlyCount "111"]
[EventDate "2007.05.17"]
[EventType "swiss"]
[EventRounds "7"]
[EventCountry "GER"]
[SourceTitle "EXT 2018"]
[Source "ChessBase"]
[SourceDate "2017.10.13"]
[SourceVersion "1"]
[SourceVersionDate "2017.10.13"]
[SourceQuality "1"]

1. d4 Nf6 2. c4 e6 3. Nc3 d5 4. Nf3 Be7 5. Bg5 0-0 6. e3 c6 7. Rc1 Nbd7 8. Bd3 dxc4 9. Bxc4 b5 10. Bd3 a5 11. 0-0 Ba6 12. Ne4 b4 13. Nxf6+ Nxf6 14. Ne5 Qd5 15. Bh4 Bb7 16. Nf3 Rfe8 17. Bc4 Qh5 18. Bg3 Ne4 19. Be2 Qd5 20. Bc4 Qh5 21. Be2 Rec8 22. Ne5 Qh6 23. Ng4 Qg5 24. f4 Qd5 25. Bc4 Qd8 26. Ne5 Nxg3 27. hxg3 Bd6 28. Qh5 g6 29. Qh3 Qe7 30. Kf2 Bxe5 31. fxe5 Qg5 32. Ke2 Ba6 33. Bxa6 Rxa6 34. Rf6 Ra7 35. Rxe6 Rac7 36. Rd6 c5 37. Qh4 Qxh4 38. gxh4 cxd4 39. Rd8+ Rxd8 40. Rxc7 dxe3 41. Kxe3 Rd5 42. Rc8+ Kg7 43. Re8 Rc5 44. Kd2 Rc4 45. Ra8 Rxh4 46. Rxa5 Rh2 47. Kc2 Rxg2+ 48. Kb3 h5 49. Ra7 h4 50. e6 Kf8 51. Rxf7+ Ke8 52. a4 bxa3 53. bxa3 g5 54. a4 h3 55. Rh7 g4 56. a5 0-1

[Event "Stuttgart-chB int"]
[Site "Gerlingen"]
[Date "2007.05.18"]
[Round "3"]
[White "Frey, Alisa"]
[Black "Domingos, Antonio"]
[Result "1-0"]
[WhiteElo "1891"]
[BlackElo "1328"]
[PlyCount "69"]
[EventDate "2007.05.17"]
[EventType "swiss"]
[EventRounds "7"]
[EventCountry "GER"]
[SourceTitle "EXT 2018"]
[Source "ChessBase"]
[SourceDate "2017.10.13"]
[SourceVersion "1"]
[SourceVersionDate "2017.10.13"]
[SourceQuality "1"]

1. e4 e6 2. d4 d5 3. Nc3 Nf6 4. Bg5 Be7 5. e5 Nfd7 6. Bxe7 Qxe7 7. f4 c5 8. Nf3 Nc6 9. Nb5 0-0 10. c3 cxd4 11. cxd4 Qb4+ 12. Qd2 Qxd2+ 13. Kxd2 a6 14. Nd6 f6 15. Bd3 Nb4 16. Rhc1 fxe5 17. fxe5 Nc6 18. Ke2 h6 19. Ke3 Nb6 20. Nh4 g5 21. Ng6 Bd7 22. Nxf8 Rxf8 23. Rf1 Nb4 24. Rxf8+ Kxf8 25. Rf1+ Ke7 26. Rf7+ Kd8 27. Nxb7+ Kc7 28. Nc5 Nxd3 29. Kxd3 Kd8 30. Nxd7 Nxd7 31. Rh7 Nb6 32. Rxh6 Ke7 33. Rh7+ Kf8 34. Ra7 Nc4 35. b3 1-0

[Event "Stuttgart-chB int"]
[Site "Gerlingen"]
[Date "2007.05.17"]
[Round "2"]
[White "Domingos, Antonio"]
[Black "Koenig, Torsten"]
[Result "1/2-1/2"]
[WhiteElo "1328"]
[BlackElo "1684"]
[PlyCount "78"]
[EventDate "2007.05.17"]
[EventType "swiss"]
[EventRounds "7"]
[EventCountry "GER"]
[SourceTitle "EXT 2018"]
[Source "ChessBase"]
[SourceDate "2017.10.13"]
[SourceVersion "1"]
[SourceVersionDate "2017.10.13"]
[SourceQuality "1"]

1. Nf3 Nf6 2. c4 c6 3. e3 d5 4. d4 e6 5. Nc3 Nbd7 6. Bd3 dxc4 7. Bxc4 b5 8. Bd3 Bb7 9. 0-0 a6 10. e4 Be7 11. Qc2 Rc8 12. Bg5 h6 13. Bh4 c5 14. a3 cxd4 15. Nxd4 Ne5 16. Rfd1 0-0 17. Bxf6 Bxf6 18. Be2 Qb6 19. Qb3 Nc4 20. Nf3 Nxb2 21. Rdc1 Bxc3 22. Rxc3 Rxc3 23. Qxc3 Na4 24. Qc2 Rc8 25. Qd3 Nc5 26. Qe3 Bxe4 27. Rc1 Bb7 28. Ne5 Na4 29. Rxc8+ Bxc8 30. Qg3 Qc5 31. h4 f6 32. Ng6 e5 33. Qd3 Qc7 34. Qd5+ Kh7 35. Nf8+ Kh8 36. Bd3 f5 37. g4 Qc1+ 38. Kg2 Qc7 39. gxf5 g5 1/2-1/2

[Event "Stuttgart-chB int"]
[Site "Gerlingen"]
[Date "2007.05.17"]
[Round "1"]
[White "Loewe, Joachim"]
[Black "Domingos, Antonio"]
[Result "0-1"]
[WhiteElo "1709"]
[BlackElo "1328"]
[PlyCount "84"]
[EventDate "2007.05.17"]
[EventType "swiss"]
[EventRounds "7"]
[EventCountry "GER"]
[SourceTitle "EXT 2018"]
[Source "ChessBase"]
[SourceDate "2017.10.13"]
[SourceVersion "1"]
[SourceVersionDate "2017.10.13"]
[SourceQuality "1"]

1. c4 Nf6 2. Nc3 e5 3. e4 Bc5 4. Be2 d6 5. h3 Nc6 6. Nf3 h6 7. 0-0 Ne7 8. d3 Ng6 9. Bd2 a6 10. a3 Be6 11. b4 Ba7 12. a4 0-0 13. Qc2 Qd7 14. Nd5 Qd8 15. Rfb1 c6 16. Nc3 Nh5 17. Nxe5 Qf6 18. Nf3 Ngf4 19. Qc1 Nxe2+ 20. Nxe2 Bxh3 21. Nf4 Nxf4 22. Bxf4 Bg4 23. Nh2 Bd7 24. Be3 Bb8 25. Qd1 Qh4 26. g3 Qf6 27. Kg2 Bc7 28. Qh5 Rae8 29. Rh1 Qg6 30. Qf3 f5 31. exf5 Bxf5 32. Qd1 Bxd3 33. Qb3 Qe4+ 34. Kg1 Bxc4 35. Qc3 d5 36. Re1 Qg6 37. Nf1 Be5 38. Qc1 Bxf1 39. Kxf1 Bxg3 40. Rg1 Rf3 41. Ke2 Rxf2+ 42. Kd1 Qg4+ 0-1